A homogeneity property of the Z2 random walk
Elmentve itt :
| Szerző: | |
|---|---|
| Dokumentumtípus: | Cikk |
| Megjelent: |
1993
|
| Sorozat: | Acta scientiarum mathematicarum
57 No. 1-4 |
| Kulcsszavak: | Matematika |
| Online Access: | http://acta.bibl.u-szeged.hu/15399 |
| LEADER | 00601nab a2200181 i 4500 | ||
|---|---|---|---|
| 001 | acta15399 | ||
| 005 | 20210326150411.0 | ||
| 008 | 161015s1993 hu o 0|| eng d | ||
| 022 | |a 0001-6969 | ||
| 040 | |a SZTE Egyetemi Kiadványok Repozitórium |b hun | ||
| 041 | |a eng | ||
| 100 | 1 | |a Révész Pál | |
| 245 | 1 | 2 | |a A homogeneity property of the Z2 random walk |h [elektronikus dokumentum] / |c Révész Pál |
| 260 | |c 1993 | ||
| 300 | |a 477-484 | ||
| 490 | 0 | |a Acta scientiarum mathematicarum |v 57 No. 1-4 | |
| 695 | |a Matematika | ||
| 856 | 4 | 0 | |u http://acta.bibl.u-szeged.hu/15399/1/math_057_477-484.pdf |z Dokumentum-elérés |